000 00437nam a2200169Ia 4500
003 GCL
008 140319s9999 xx 000 0 aRus d
040 _aGCL /
_cGCL
082 0 4 _a860
_bO H
100 1 _aOTERO, BLASDE
245 1 0 _aHISTORIAS FINGIDAS Y VERDADERAS /
_cOTERO, BLASDE
260 _a[S.N] :
_bA LIANZA EDITORIAL ،
_c1980
300 _a128 P
650 0 4 _aLITERATURE
650 0 4 _aSPANISH LITERATURE
942 _2ddc
_cBK
999 _c24806
_d24806